Ukladanie dát z heterogénnych systémov používaných na rôznych úrovniach riadenia do špecializovaného úložiska

Salvato in:
Dettagli Bibliografici
Autore principale: Václavová, Andrea (Autore)
Altri autori: Tanuška, Pavol (Relatore della tesi)
Natura: Manoscritto Libro
Lingua:slovacco
Pubblicazione: 2016
Soggetti:
Accesso online:http://is.stuba.sk/zp/portal_zp.pl?podrobnosti=118394
Tags: Aggiungi Tag
Nessun Tag, puoi essere il primo ad aggiungerne!!

MARC

LEADER 00000ntm a22000003a 4500
001 stuzp55278
003 SK-STU
005 20160719154728.6
007 ta
008 150427s2015----xo-----f-mn---000-0-slo-d
040 |a STU  |b slo 
041 0 |a slo 
100 1 |a Václavová, Andrea  |u 066000  |k Z4  |4 aut  |U MTF Materiálovotechnologická fakulta  |T MTF Ústav aplikovanej informatiky, automatizácie a mechatroniky  |X 45768  |U M6000  |Y 86  |7 A000045768 
242 0 1 |a Storing data from heterogeneous systems used at different levels of management to a specialized repository  |y eng 
245 1 0 |a Ukladanie dát z heterogénnych systémov používaných na rôznych úrovniach riadenia do špecializovaného úložiska 
260 |c 2016 
650 4 |a Data Lake  |2 slo 
650 4 |a Datawarehouse  |2 slo 
650 4 |a Neštruktúrované dáta  |2 slo 
650 4 |a Hadoop  |2 slo 
650 4 |a Unstructured data  |2 eng 
650 4 |a Hadoop  |2 eng 
650 4 |a Data Lake  |2 eng 
650 4 |a Datawarehouse  |2 eng 
700 1 |a Tanuška, Pavol  |u 066000  |k Z1  |4 ths  |U MTF Materiálovotechnologická fakulta  |T MTF Ústav aplikovanej informatiky, automatizácie a mechatroniky  |X 248  |U M6000  |Y 86  |7 A000000248 
856 4 |u http://is.stuba.sk/zp/portal_zp.pl?podrobnosti=118394 
996 |c M* DP-12998  |l MMSKP  |s P  |a 0  |w stuzp55278_0001 
SQL |a stuzp55278  |b DDP  |c SLO  |d Ukladanie dát z heterogénnych systémov používaných na rôznych úrovniach riadenia do špecializovaného úložiska  |e 45768  |f Václavová, Andrea  |g 066000  |h 248  |i Tanuška, Pavol  |j 20160531  |k 965  |l 06  |m http://is.stuba.sk/zp/portal_zp.pl?podrobnosti=118394  |n I-AIPP  |o 5.2.14. automatizácia